Nápady pro maminky na mateřské dovolené /

Hlavní autor: Doležalová, Hana, 1966-
Další autoři: Polcarová, Ester
Jazyk: Čeština
Vydáno: Praha : Portál, 2004
Vydání: Vyd. 2.
Edice: Nápady - hry - tvořivost
Témata:
Externí odkaz: Digitalizovaný dokument
Fyzický popis: 182 s. : il.
Knihy
Uloženo v:
LEADER 01608nam a2200445 a 4500
001 000705129
003 CZ BrMZK
005 20101108134720.0
007 ta
008 040202s2004 xr a e f 000 0 cze d
015 |a cnb001295308 
020 |a 80-7178-895-3  |q (brož.) :  |c Kč 157,00 
035 |a (OCoLC)56856947 
040 |a ABA001  |b cze  |d BOA001 
072 7 |a 37  |x Výchova a vzdělávání  |2 Konspekt  |9 22 
080 |a 173.5  |2 MRF 
080 |a 37.03-053.2  |2 MRF 
080 |a 39  |2 MRF 
080 |a 745  |2 MRF 
080 |a 641.55  |2 MRF 
080 |a (035)  |2 MRF 
100 1 |a Doležalová, Hana,  |d 1966-  |7 xx0016128  |4 aut 
245 1 0 |a Nápady pro maminky na mateřské dovolené /  |c Hana Doležalová ; ilustrace Ester Polcarová 
250 |a Vyd. 2. 
260 |a Praha :  |b Portál,  |c 2004 
300 |a 182 s. :  |b il. 
490 1 |a Nápady - hry - tvořivost 
500 |a Dostupné též v digitální podobě v aplikaci Kramerius 
650 0 7 |a mateřství  |7 ph122684  |2 czenas 
650 0 7 |a výchova dítěte  |7 ph127420  |2 czenas 
650 0 7 |a zvyky a obyčeje  |7 ph137519  |2 czenas 
650 0 7 |a výtvarné práce  |7 ph127466  |2 czenas 
650 0 7 |a jídla  |7 ph114847  |2 czenas 
655 7 |a příručky  |7 fd133209  |2 czenas 
700 1 |a Polcarová, Ester  |7 ola2006340118  |4 ill 
830 0 |a Nápady - hry - tvořivost  |0 s 
856 4 1 |u http://www.digitalniknihovna.cz/mzk/uuid/uuid:24d9e9c0-f647-11e5-8d5f-005056827e51  |y Digitalizovaný dokument  |x NDK 
910 |a BOA001  |b 2-1128.716 
990 |a BK 
996 6 |b 2610211390  |c 2-1128.716  |l MZK  |r Sklad / do 1 hodiny  |n 1  |p p.v.  |w 000705129  |u 000010  |a 1  |e BOA001  |j MZK50  |s P